Growing up in ancient China / (Record no. 9339)

MARC details
000 -LEADER
fixed length control field 01231cam a2200349 a 4500
001 - CONTROL NUMBER
control field 9339
003 - CONTROL NUMBER IDENTIFIER
control field FISKH
005 - DATE AND TIME OF LATEST TRANSACTION
control field 20251211111646.0
008 - FIXED-LENGTH DATA ELEMENTS--GENERAL INFORMATION
fixed length control field 911101s1994 njuab j 001 0 eng
010 ## - LIBRARY OF CONGRESS CONTROL NUMBER
LC control number 91014879
020 ## - INTERNATIONAL STANDARD BOOK NUMBER
International Standard Book Number 0816727155 (lib. bdg.) :
Terms of availability $11.89 (tent)
020 ## - INTERNATIONAL STANDARD BOOK NUMBER
International Standard Book Number 0816727163 (pbk.) :
Terms of availability $3.95
020 ## - INTERNATIONAL STANDARD BOOK NUMBER
International Standard Book Number 9780816727155
020 ## - INTERNATIONAL STANDARD BOOK NUMBER
International Standard Book Number 9780816727162
020 ## - INTERNATIONAL STANDARD BOOK NUMBER
International Standard Book Number 9780816727162
035 ## - SYSTEM CONTROL NUMBER
System control number 2014051
040 ## - CATALOGING SOURCE
Original cataloging agency DLC
Transcribing agency DLC
Modifying agency DLC
Language of cataloging eng
050 00 - LIBRARY OF CONGRESS CALL NUMBER
Classification number DS741.65
Item number .T43 1994
082 00 - DEWEY DECIMAL CLASSIFICATION NUMBER
Classification number 931/.01
Edition number 20
100 1# - MAIN ENTRY--PERSONAL NAME
Personal name Teague, Ken,
Dates associated with a name 1936-
245 10 - TITLE STATEMENT
Title Growing up in ancient China /
Statement of responsibility, etc. Ken Teague ; illustrated by Richard Hook.
260 ## - PUBLICATION, DISTRIBUTION, ETC.
Place of publication, distribution, etc. Mahwah :
Name of publisher, distributor, etc. Troll Associates,
Date of publication, distribution, etc. 1994.
300 ## - PHYSICAL DESCRIPTION
Extent 32 pages :
Other physical details color illustrations ; maps ;
Dimensions 23 cm
500 ## - GENERAL NOTE
General note Includes index.
520 ## - SUMMARY, ETC.
Summary, etc. Describes daily life in ancient China, discussing life in the country, life in the city, schools, festivals, and other aspects.
651 #0 - SUBJECT ADDED ENTRY--GEOGRAPHIC NAME
Geographic name China
General subdivision Social life and customs
Chronological subdivision To 221 B.C.
General subdivision Juvenile literature.
651 #1 - SUBJECT ADDED ENTRY--GEOGRAPHIC NAME
Geographic name China
General subdivision Social life and customs
Chronological subdivision To 221 B.C.
700 1# - ADDED ENTRY--PERSONAL NAME
Personal name Hook, Richard,
Dates associated with a name 1938-2010,
Relator term illustrator
906 ## - LOCAL DATA ELEMENT F, LDF (RLIN)
a 7
b cbc
c orignew
d 1
e ocip
f 19
g y-gencatlg
942 ## - ADDED ENTRY ELEMENTS (KOHA)
Source of classification or shelving scheme Dewey Decimal Classification
Koha item type Books
Suppress in OPAC No
Holdings
Withdrawn status Lost status Source of classification or shelving scheme Damaged status Not for loan Collection Home library Current library Shelving location Date acquired Total Checkouts Full call number Barcode Date last seen Copy number Price effective from Koha item type
    Dewey Decimal Classification     Non-Fiction Footprints International School Library Network Toul Tom Poung Campus Footprints International School Library Network Toul Tom Poung Campus TTP Secondary Non-Fiction Bookshelves 12/11/2025   TEA 931.01 DS741 .T43 FIS01516 03/17/2026 1 12/11/2025 Books